000 00413 a2200181 4500
001 126172
020 _a9788508172566
040 _cEscola Canadense de Niteroi
100 _aVesentini, William
245 1 0 _aProjeto Teláris: Geografia 6º Ano
250 _a2 ed
260 _aSão Paulo
300 _a336 p.
_bil.
362 0 _a2015
490 0 _aProjeto Teláris
650 4 _aGeografia
942 _cBK
999 _c126172
_d126172